000 00554nam a2200193Ia 4500
001 58329
008 150423n ii |||gr||||Z||||||465
020 _a9781107518940
082 _a512.5
245 0 _aMatrix Analysis
_cRoger A Horn And Charles R Johnson
_hTextual Documents
250 _aSecond Edition.
260 _aLondon
_bCambridge University Press
300 _a643pg:
_bindex;
_c23cm.
653 _aMathematics
653 _aDeptt-Mathematics
653 _aMatrix Analysis
700 _aHorn,Roger A and Johnson,Charles R.
942 _2ddc
_cBK
999 _c58227
_d58227